[Event "BCF-chT3E 2223 (4NCL)"]
[Site "England"]
[Date "2023.04.29"]
[Round "9.25"]
[White "Valentine, Brian J"]
[Black "Peck, Silas"]
[Result "0-1"]
[WhiteElo "1937"]
[BlackElo "2075"]
[PlyCount "102"]
[EventDate "2022.11.05"]
[EventType "team-tourn"]
[EventRounds "11"]
[EventCountry "ENG"]
[SourceTitle "EXT 2024"]
[Source "ChessBase"]
[SourceDate "2023.10.10"]
[SourceVersion "1"]
[SourceVersionDate "2023.10.10"]
[SourceQuality "1"]
[WhiteTeam "MK Phoenix"]
[BlackTeam "Anglian Avengers"]
[WhiteTeamCountry "ENG"]
[BlackTeamCountry "ENG"]

1. e4 e5 2. Nf3 Nc6 3. Bb5 a6 4. Ba4 Nf6 5. 0-0 Be7 6. Re1 b5 7. Bb3 d6 8. c3 Bg4 9. d3 0-0 10. Nbd2 Na5 11. Bc2 c5 12. h3 Bh5 13. Nf1 Nc6 14. Ng3 Bg6 15. Nh4 d5 16. Qe2 d4 17. Nhf5 h6 18. Nxe7+ Qxe7 19. f4 exf4 20. Bxf4 Rfe8 21. a4 b4 22. cxb4 Nxb4 23. Bb3 Nd7 24. Bc4 Ne5 25. b3 Nxc4 26. bxc4 Ra7 27. Qd2 Qd7 28. Rf1 f6 29. Rf3 Rb7 30. Nh1 Nc6 31. Rg3 Kh7 32. Nf2 Rb3 33. Ng4 h5 34. Nf2 Rb4 35. h4 Na5 36. Qd1 Nc6 37. Nh3 Ne5 38. Bd2 Rb7 39. Nf4 Ng4 40. Nd5 f5 41. exf5 Bxf5 42. Qf3 Rb2 43. Qf4 Re2 44. Rd1 Rbxd2 45. Rf1 Rf2 46. Rxf2 Rxf2 47. Qg5 Qe6 48. Qxh5+ Kg8 49. Rxg4 Bxg4 50. Qg5 Qe1+ 51. Kh2 Rf1 0-1

[Event "BCF-chT3W 2223 (4NCL)"]
[Site "England"]
[Date "2023.03.19"]
[Round "8.51"]
[White "Madden, Paul"]
[Black "Valentine, Brian J"]
[Result "1-0"]
[WhiteElo "2100"]
[BlackElo "1917"]
[PlyCount "71"]
[EventDate "2022.10.22"]
[EventType "team-tourn"]
[EventRounds "11"]
[EventCountry "ENG"]
[SourceTitle "EXT 2024"]
[Source "ChessBase"]
[SourceDate "2023.10.10"]
[SourceVersion "1"]
[SourceVersionDate "2023.10.10"]
[SourceQuality "1"]
[WhiteTeam "Ashfield"]
[BlackTeam "MK Phoenix II"]
[WhiteTeamCountry "ENG"]
[BlackTeamCountry "ENG"]

1. e4 e5 2. Nf3 Nc6 3. Bb5 a6 4. Ba4 Nf6 5. 0-0 b5 6. Bb3 Bc5 7. d3 d6 8. h3 h6 9. a4 Rb8 10. axb5 axb5 11. Re1 0-0 12. c3 Re8 13. d4 Bb6 14. Bc2 Bd7 15. Be3 exd4 16. cxd4 Nb4 17. Nbd2 c5 18. Bb1 c4 19. d5 Bxe3 20. Rxe3 Ra8 21. Rxa8 Qxa8 22. b3 cxb3 23. Nxb3 Qa4 24. Qd4 Rc8 25. Ne1 Be8 26. Kh2 Rc4 27. Qb2 Kf8 28. Nd2 Rc8 29. Ra3 Qd1 30. Ndf3 Rc1 31. Qxb4 Rxb1 32. Qxd6+ Kg8 33. e5 Qxd5 34. Qb8 Qe6 35. exf6 gxf6 36. Re3 1-0

[Event "BCF-chT3W 2223 (4NCL)"]
[Site "England"]
[Date "2023.03.18"]
[Round "7.51"]
[White "Valentine, Brian J"]
[Black "Grillage, Andrew"]
[Result "0-1"]
[WhiteElo "1917"]
[BlackElo "2022"]
[PlyCount "43"]
[EventDate "2022.10.22"]
[EventType "team-tourn"]
[EventRounds "11"]
[EventCountry "ENG"]
[SourceTitle "EXT 2024"]
[Source "ChessBase"]
[SourceDate "2023.10.10"]
[SourceVersion "1"]
[SourceVersionDate "2023.10.10"]
[SourceQuality "1"]
[WhiteTeam "MK Phoenix II"]
[BlackTeam "Shropshire and Friends"]
[WhiteTeamCountry "ENG"]
[BlackTeamCountry "ENG"]

1. e4 d5 2. exd5 Qxd5 3. d4 e5 4. Nc3 Bb4 5. Be3 Nc6 6. a3 Bxc3+ 7. bxc3 Nf6 8. Rb1 Ng4 9. Nf3 Nxe3 10. fxe3 exd4 11. cxd4 0-0 12. Kf2 b6 13. Bd3 h6 14. Re1 Bb7 15. e4 Qd6 16. e5 Qxa3 17. Qe2 Qe7 18. Be4 Na5 19. c3 Bxe4 20. Qxe4 c6 21. Rb4 Rad8 22. Nh4 0-1

[Event "BCF-chT4S 1920 (4NCL)"]
[Site "England"]
[Date "2019.11.10"]
[Round "2.82"]
[White "Ireland, David J"]
[Black "Valentine, Brian J"]
[Result "0-1"]
[WhiteElo "1961"]
[BlackElo "1959"]
[PlyCount "70"]
[EventDate "2019.11.09"]
[EventType "team-swiss"]
[EventRounds "11"]
[EventCountry "ENG"]
[SourceTitle "EXT 2022"]
[Source "ChessBase"]
[SourceDate "2021.10.06"]
[SourceVersion "1"]
[SourceVersionDate "2021.10.06"]
[SourceQuality "1"]
[WhiteTeam "Throw in the Tal"]
[BlackTeam "MK Phoenix II"]
[WhiteTeamCountry "ENG"]
[BlackTeamCountry "ENG"]

1. e4 e5 2. Nf3 Nc6 3. Bc4 Bc5 4. b4 Bxb4 5. c3 Ba5 6. d4 b5 7. Bxb5 Nxd4 8. Nxd4 exd4 9. Qxd4 Qf6 10. 0-0 Bb6 11. Qd3 Ne7 12. Nd2 0-0 13. Ba3 Re8 14. Nc4 Ng6 15. Nxb6 axb6 16. Bb2 c6 17. Bc4 Ne5 18. Qe2 Nxc4 19. Qxc4 Ba6 20. Qb3 Bxf1 21. Rxf1 Qe6 22. c4 Qxe4 23. Qc3 Qg6 24. h4 f6 25. Rd1 Qf5 26. Rd3 Re2 27. Rg3 Qb1+ 28. Bc1 Kf7 29. Kh2 Qe4 30. Be3 Rc2 31. Qb3 Qxc4 32. Qxb6 Rcxa2 33. Qc7 Qe6 34. h5 R2a5 35. Qf4 Rxh5+ 0-1

[Event "WchT Seniors 65"]
[Site "Rhodes"]
[Date "2019.04.23"]
[Round "8.8"]
[White "Valentine, Brian J"]
[Black "Hvenekilde, Jorgen"]
[Result "1/2-1/2"]
[WhiteElo "1954"]
[BlackElo "2046"]
[PlyCount "32"]
[EventDate "2019.04.16"]
[EventType "team-swiss"]
[EventRounds "9"]
[EventCountry "GRE"]
[SourceTitle "CBM 190 Extra"]
[Source "ChessBase"]
[SourceDate "2019.07.15"]
[SourceVersion "1"]
[SourceVersionDate "2019.07.15"]
[SourceQuality "1"]
[WhiteTeam "England III"]
[BlackTeam "Norresundby"]
[WhiteTeamCountry "ENG"]
[BlackTeamCountry "DEN"]

1. e4 e5 2. Nf3 d6 3. d4 exd4 4. Qxd4 a6 5. Bf4 Nc6 6. Qd2 Be7 7. Nc3 Nf6 8. 0-0-0 0-0 9. Bd3 Nd7 10. Nd5 Nce5 11. Nxe5 dxe5 12. Nxe7+ Qxe7 13. Bg3 Nc5 14. Qc3 Nxd3+ 15. Rxd3 f6 16. f3 Be6 1/2-1/2

[Event "BCF-ch Seniors 65"]
[Site "Hull"]
[Date "2018.07.31"]
[Round "3"]
[White "Anderton, David William"]
[Black "Valentine, Brian J"]
[Result "1/2-1/2"]
[WhiteElo "2084"]
[BlackElo "1935"]
[PlyCount "131"]
[EventDate "2018.07.29"]
[EventType "swiss"]
[EventRounds "7"]
[EventCountry "ENG"]
[SourceTitle "CBM 185 Extra"]
[Source "ChessBase"]
[SourceDate "2018.07.29"]
[SourceVersion "1"]
[SourceVersionDate "2018.07.29"]
[SourceQuality "1"]

1. d4 Nf6 2. c4 e6 3. Nc3 Bb4 4. e3 0-0 5. Nge2 d5 6. a3 Be7 7. cxd5 exd5 8. Nf4 b6 9. b4 Bb7 10. Bd3 Nbd7 11. 0-0 c5 12. bxc5 bxc5 13. Qf3 cxd4 14. exd4 Nb6 15. g4 Rb8 16. g5 Ne4 17. Nxe4 dxe4 18. Bxe4 Qxd4 19. Bxb7 Qxa1 20. Nh5 Qe5 21. Bf4 Qc5 22. Bxb8 Rxb8 23. Be4 Qxg5+ 24. Kh1 Rc8 25. Ng3 Rc1 26. Qd3 g6 27. Kg2 Rxf1 28. Qxf1 Qf4 29. Qd3 Qd6 30. Qb5 Qxa3 31. Qe8+ Bf8 32. Qc6 Qc5 33. Qe8 Qe7 34. Qc6 Qd7 35. Qc2 Qd6 36. Qa2 Qc7 37. Bf3 Nd7 38. Ne4 Bg7 39. Ng5 Qf4 40. Nxf7 Kf8 41. Bd5 Bd4 42. f3 Ne5 43. Qa3+ Kg7 44. Nxe5 Qxe5 45. Qb3 Qe2+ 46. Kh3 Be5 47. Qa2 Qxa2 48. Bxa2 Kf6 49. Kg2 Kg5 50. h3 a5 51. Bg8 h6 52. Bf7 a4 53. h4+ Kf5 54. Kh3 a3 55. Bd5 Kf4 56. h5 g5 57. Kg2 Ke3 58. Kh3 Kf4 59. Kg2 Bd4 60. Kh3 Bc5 61. Kg2 Bb4 62. Kh3 Bd6 63. Kg2 Ke5 64. Bg8 Bf8 65. Kh3 Kf4 66. Bd5 1/2-1/2

[Event "BCF-ch Seniors 65"]
[Site "Llandudno"]
[Date "2017.07.31"]
[Round "2"]
[White "Valentine, Brian J"]
[Black "Jestico, John V"]
[Result "1-0"]
[WhiteElo "1933"]
[BlackElo "1435"]
[PlyCount "95"]
[EventDate "2017.07.30"]
[EventType "swiss"]
[EventRounds "7"]
[EventCountry "WLS"]
[SourceTitle "CBM 179 Extra"]
[Source "ChessBase"]
[SourceDate "2017.08.23"]
[SourceVersion "1"]
[SourceVersionDate "2017.08.23"]
[SourceQuality "1"]

1. e4 e6 2. d4 d5 3. Nc3 Nf6 4. e5 Nfd7 5. f4 c5 6. Nf3 Nc6 7. Be3 a6 8. Be2 b5 9. a3 Qb6 10. dxc5 Bxc5 11. Bxc5 Qxc5 12. Qd2 Bb7 13. b4 Qa7 14. 0-0-0 Rd8 15. Nd4 Nb6 16. Nxc6 Bxc6 17. Qd4 Qc7 18. Kb2 0-0 19. Rd3 Rc8 20. Rh3 f5 21. g4 g6 22. gxf5 exf5 23. Rg1 Nc4+ 24. Ka2 Qf7 25. Bf3 Rfd8 26. Re1 Qe6 27. Ne2 Bb7 28. Bh1 Nb6 29. Rc3 Rxc3 30. Nxc3 Rc8 31. Re3 Rc4 32. Qd1 Rxc3 33. Rxc3 d4+ 34. Rb3 Bxh1 35. Qxh1 Na4 36. Qa8+ Kg7 37. Qa7+ Kg8 38. Qxd4 Kg7 39. Kb1 Qc6 40. Rd3 Qh1+ 41. Rd1 Nc3+ 42. Qxc3 Qxd1+ 43. Ka2 Kf8 44. Qd3 Qg1 45. Qd8+ Kg7 46. Qf6+ Kh6 47. e6 Qa7 48. e7 1-0

[Event "BCF-chT4S 1617 (4NCL)"]
[Site "England"]
[Date "2017.04.29"]
[Round "9.24"]
[White "Valentine, Brian J"]
[Black "Eden, Tomer"]
[Result "0-1"]
[WhiteElo "1943"]
[BlackElo "2177"]
[PlyCount "65"]
[EventDate "2016.11.26"]
[EventType "team-swiss"]
[EventRounds "11"]
[EventCountry "ENG"]
[SourceTitle "EXT 2019"]
[Source "ChessBase"]
[SourceDate "2018.10.10"]
[SourceVersion "1"]
[SourceVersionDate "2018.10.10"]
[SourceQuality "1"]
[WhiteTeam "MK Phoenix II"]
[BlackTeam "Barnet Knights"]
[WhiteTeamCountry "ENG"]
[BlackTeamCountry "ENG"]

1. e4 c6 2. d4 d5 3. Nd2 dxe4 4. Nxe4 Bf5 5. Ng3 Bg6 6. Nf3 Nd7 7. h4 h6 8. h5 Bh7 9. Bd3 Bxd3 10. Qxd3 e6 11. Bd2 Ngf6 12. 0-0-0 Be7 13. Kb1 a5 14. Ne4 a4 15. Nxf6+ Nxf6 16. Ne5 Qd5 17. c4 Qe4 18. Qxe4 Nxe4 19. Be1 0-0 20. f3 Nd6 21. g4 Rfd8 22. Bc3 f5 23. Rhe1 Bh4 24. Re2 Bf6 25. c5 Nb5 26. Kc2 Rd5 27. Rdd2 Rad8 28. Ng6 fxg4 29. fxg4 Nxd4+ 30. Bxd4 Rxd4 31. Rxd4 Rxd4 32. Rxe6 Kf7 33. b3 0-1